Country by Best Olympic Sport Quiz - Statistics

General Stats
  • This quiz has been taken 64 times
    9 since last reset
  • The average score is 26 of 138
Answer Stats
Country Medals Sport % Correct
Australia 230 Swimming
83%
Austria 132 Alpine skiing
67%
Canada 71 Athletics
67%
Ethiopia 62 Athletics
67%
Jamaica 93 Athletics
67%
Azerbaijan 28 Wrestling
67%
Belarus 15 Athletics
50%
Botswana 4 Athletics
50%
Finland 114 Athletics
50%
Germany 83 Athletics
50%
Greece 32 Athletics
50%
Kenya 117 Athletics
50%
Norway 143 Cross country skiing
50%
Bulgaria 73 Wrestling
50%
Liechtenstein 10 Alpine skiing
33%
Algeria 10 Athletics
33%
Bahamas 14 Athletics
33%
Bahrain 6 Athletics
33%
Barbados 1 Athletics
33%
Burkina Faso 1 Athletics
33%
Burundi 2 Athletics
33%
Nigeria 14 Athletics
33%
Poland 67 Athletics
33%
Portugal 13 Athletics
33%
Saint Lucia 2 Athletics
33%
South Africa 30 Athletics
33%
United Kingdom 220 Athletics
33%
United States 862 Athletics
33%
Cameroon 2 Athletics | Boxing
33%
Cuba 80 Boxing
33%
Belgium 32 Cycling
33%
France 130 Fencing
33%
Japan 107 Gymnastics
33%
Romania 73 Gymnastics
33%
Albania 2 Wrestling
33%
Armenia 11 Wrestling
33%
Estonia 11 Wrestling
33%
Georgia 21 Wrestling
33%
Iran 55 Wrestling
33%
Switzerland 84 Alpine skiing
17%
Luxembourg 2 Alpine skiing | Athletics
17%
Djibouti 1 Athletics
17%
Dominica 1 Athletics
17%
Dominican Republic 6 Athletics
17%
Eritrea 1 Athletics
17%
Grenada 5 Athletics
17%
Iceland 2 Athletics
17%
Lithuania 7 Athletics
17%
Morocco 21 Athletics
17%
Mozambique 2 Athletics
17%
Namibia 5 Athletics
17%
Panama 3 Athletics
17%
Qatar 4 Athletics
17%
Senegal 1 Athletics
17%
Sri Lanka 2 Athletics
17%
Sudan 1 Athletics
17%
Tanzania 2 Athletics
17%
Trinidad and Tobago 15 Athletics
17%
Tunisia 5 Athletics
17%
Uganda 9 Athletics
17%
Zambia 2 Athletics
17%
Syria 1 Athletics | Boxing | Weightlifting | Wrestling
17%
Haiti 1 Athletics | Shooting
17%
Ecuador 4 Athletics | Weightlifting
17%
Ukraine 21 Athletics | Wrestling
17%
Indonesia 22 Badminton
17%
Malaysia 11 Badminton
17%
Ireland 19 Boxing
17%
Kazakhstan 26 Boxing
17%
Philippines 10 Boxing
17%
Uzbekistan 20 Boxing
17%
Hungary 93 Canoeing | Fencing
17%
China 92 Diving
17%
Italy 135 Fencing
17%
India 13 Field hockey
17%
Russia 64 Gymnastics
17%
Montenegro 1 Handball
17%
Brazil 28 Judo
17%
Israel 9 Judo
17%
United Arab Emirates 1 Judo | Shooting
17%
New Zealand 33 Rowing
17%
Fiji 4 Rugby sevens
17%
Denmark 31 Sailing
17%
Guatemala 2 Shooting
17%
Kuwait 3 Shooting
17%
San Marino 2 Shooting
17%
Serbia 5 Shooting | Taekwondo | Water Polo
17%
Netherlands 146 Speed skating
17%
Suriname 2 Swimming
17%
Zimbabwe 7 Swimming
17%
Singapore 3 Table tennis
17%
Samoa 1 Weightlifting
17%
Turkmenistan 1 Weightlifting
17%
Kyrgyzstan 11 Wrestling
17%
Lebanon 3 Wrestling
17%
Turkey 68 Wrestling
17%
Croatia 10 Alpine skiing
0%
Argentina 24 Boxing
0%
Cape Verde 1 Boxing
0%
Ghana 4 Boxing
0%
Guyana 1 Boxing
0%
Mauritius 1 Boxing
0%
Tonga 1 Boxing
0%
Venezuela 6 Boxing
0%
Niger 1 Boxing | Taekwondo
0%
Czech Republic 18 Canoeing
0%
Moldova 3 Canoeing
0%
Slovakia 21 Canoeing
0%
Spain 23 Canoeing
0%
Togo 1 Canoeing
0%
Mexico 17 Diving
0%
Saudi Arabia 2 Equestrian
0%
Pakistan 8 Field hockey
0%
Paraguay 1 Football
0%
Kosovo 5 Judo
0%
Mongolia 12 Judo
0%
Tajikistan 3 Judo
0%
Latvia 6 Luge
0%
Uruguay 4 Rowing
0%
Cyprus 2 Sailing
0%
Peru 3 Shooting
0%
Vietnam 2 Shooting | Weightlifting
0%
South Korea 60 Short track speed skating
0%
Slovenia 11 Ski jumping
0%
Costa Rica 4 Swimming
0%
Afghanistan 2 Taekwondo
0%
Gabon 1 Taekwondo
0%
Ivory Coast 4 Taekwondo
0%
Jordan 3 Taekwondo
0%
North Macedonia 1 Taekwondo | Wrestling
0%
Chile 4 Tennis
0%
Colombia 11 Weightlifting
0%
Egypt 15 Weightlifting
0%
Iraq 1 Weightlifting
0%
North Korea 18 Weightlifting
0%
Taiwan (Chinese Taipei) 11 Weightlifting
0%
Thailand 17 Weightlifting
0%
Sweden 86 Wrestling
0%
No matching quizzes found
Score Distribution
Percent of People with Each Score
Percentile by Number Answered
Your Score History
You have not taken this quiz since the last reset